Statistics for Speed Geography 3

Click here to take the quiz!

General Stats

  • This quiz has been taken 65 times
  • The average score is 10 of 15

Answer Stats

HintAnswer% Correct
What country's capital is Minsk?Belarus
91%
The German invasion of what country officially started World War 2?Poland
91%
What country did Confucius live in?China
86%
What South Pacific country has more sheep than people?New Zealand
82%
What landlocked country touches Eritrea and Somalia?Ethiopia
80%
What is the the northernmost capital city in the world?Reykjavik, Iceland
68%
What country borders the country from the question above?Malaysia
63%
What country has the highest population density in Asia?Singapore
63%
What country has the highest life expectancy?Japan
61%
What is the highest waterfall in the world?Angel Falls
55%
What US state is the largest producer of corn?Iowa
55%
What is the largest country (in area) that borders Rwanda?Democratic Republic of the Congo
54%
What continent receives the least rain on average?Antarctica
50%
What country bombed Libya in 1986?United States
50%
What African country exports the most bauxite?Guinea
9%

Score Distribution

Percentile by Number Answered

Percent of People with Each Score

Your Score History

You have not taken this quiz